Dvanáct pravidel pro úspěšnou fúzi
Za súčasnej prebiehajúcej vlne fúzií, akvizícií a aliancií vo svete je veľmi dôležité vyhnúť sa ťažkostiam, ktoré sa veľmi často prejavia až po zlúčení partnerov. Existuje 12 pravidiel pre úspešné dokončenie fúzie.
Gespeichert in:
| Format: | Buchkapitel |
|---|---|
| Sprache: | Tschechisch |
| Schlagworte: | |
| Tags: |
Keine Tags, Fügen Sie das erste Tag hinzu!
|
MARC
| LEADER | 00000naa a2200000 4500 | ||
|---|---|---|---|
| 001 | r040184 | ||
| 005 | 20231002100917.3 | ||
| 041 | 0 | |a cze | |
| 044 | |a CZ | ||
| 245 | 1 | 0 | |a Dvanáct pravidel pro úspěšnou fúzi |
| 520 | |a Za súčasnej prebiehajúcej vlne fúzií, akvizícií a aliancií vo svete je veľmi dôležité vyhnúť sa ťažkostiam, ktoré sa veľmi často prejavia až po zlúčení partnerov. Existuje 12 pravidiel pre úspešné dokončenie fúzie. | ||
| 610 | 2 | 0 | |a fúzie |
| 610 | 2 | 0 | |a aliancie strategické |
| 610 | 2 | 0 | |a partneri obchodní |
| 610 | 2 | 0 | |a stratégia obchodná |
| 610 | 2 | 0 | |a zlučovanie podnikov |